| 000 | 00929nas a2200301 4500 | ||
|---|---|---|---|
| 001 | BR2010002699 | ||
| 003 | BR-BrBNA | ||
| 005 | 20231205114237.0 | ||
| 007 | ta | ||
| 008 | 230509b bl.|||p| |||| 00| 00por d | ||
| 040 |
_aBR-BrBNA _bpor _cBiblioteca Nacional de Agricultura |
||
| 041 | _a(Pt) | ||
| 072 | _aH60 | ||
| 100 | 1 | _aCândico, A.C. da S. | |
| 100 | 1 | _aSchmidt, V. | |
| 100 | 1 | _aLaura, V.A. | |
| 100 | 1 | _aFaccenda, O. | |
| 100 | 1 | _aHess, S.C. | |
| 100 | 1 | _aSimionatto, E. | |
| 100 | 1 | _aPeres, M.T.L.P. | |
| 245 | 1 | _aPotencial alelopático da parte aérea de Senna occidentalis (L.)Link (Fabaceae, Caesalpinioideae): bioensaios em laboratório | |
| 650 | _aFEDEGOSO | ||
| 650 | _aALELOPATIA | ||
| 650 | _aHERBICIDA | ||
| 773 | 0 |
_tActa Botanica Brasilica (Brazil) _xISSN 0102-3306 _g(Jan-Mar 2010), v. 24(1) p. 235-242 _wBR2010002699 |
|
| 909 |
_a202311 _bLúcia _c55 _dLúcia Elande |
||
| 942 |
_2AGRIS _n0 _cANA |
||
| 999 |
_c207795 _d207795 |
||